Lionel Messi quiz - Statistics

General Stats
  • This quiz has been taken 21 times
  • The average score is 7 of 30
Answer Stats
Hint Answer % Correct
What minute did Messi score his first goal in the 2022 World Cup Final 23
81%
How many league titles did Messi win with FC Barcelona 10
62%
What team did Messi score five goals against in a single UEFA Champions League match Bayer Leverkusen
57%
How many goals did Messi score in his final La Liga season 30
52%
How many goals has Messi scored in El Clásico 26
43%
What team did Lionel Messi score his first official senior goal against Albacete
33%
Who gave Messi the assist for his final Barcelona hat-trick goal Jordi Alba
33%
Which manager gave Messi his debut for Barcelona Frank Rijkaard
29%
What club did Messi score his first free-kick goal against Atletico Madrid
24%
Which La Liga side did Messi score his last goal at Camp Nou against Celta Vigo
24%
Who scored the winning penalty after Messi in the 2022 World Cup final shootout Gonzalo Montiel
24%
Against which team did Messi score his first goal for PSG Manchester City
24%
Who was Messi’s roommate in his early La Masia days Cesc Fàbregas
19%
Who did Messi overtake to become the top scorer in La Liga history Telmo Zarra
19%
Which country did Messi face in his 1000th career game Australia
14%
Against which team did Messi record his fastest Champions League goal Chelsea
14%
Who was the coach when Messi scored his first World Cup goal José Pékerman
14%
Who replaced Messi in his Argentina debut after he got a red card Pablo Aimar
14%
What club did Messi score a hat-trick against to surpass 400 La Liga goals Eibar
10%
Who was the first manager Messi played under at Inter Miami Gerardo Martino
10%
Against which team did Messi score his first Champions League goal Panathinaikos
10%
In which stadium did Messi score his last UCL goal for Barcelona Parc des Princes
10%
What stadium did Messi score his first international goal in St. Jakob-Park
10%
Who provided the assist for Messi’s first Argentina senior goal Carlos Tévez
5%
Which country did Messi face in his 100th appearance for Argentina Jamaica
5%
Who was the captain of Argentina during Messi’s debut in 2005 Juan Pablo Sorín
5%
Who was the first goalkeeper Messi scored against for Inter Miami Leonel Moreira
5%
Which goalkeeper did Messi score his first career Panenka penalty against Oscar Ustari
5%
Which stadium did Messi score his last goal for PSG in Stade de la Meinau
5%
What was the first team Messi scored against in the Copa del Rey Zamora
5%
No matching quizzes found
Score Distribution
Percent of People with Each Score
Percentile by Number Answered
Your Score History
You have not taken this quiz